| 000 | 00636cam a2200229 a 4500 | ||
|---|---|---|---|
| 001 | 3467553 | ||
| 005 | 20180202082541.0 | ||
| 008 | 930529s1994 mnua 001 0 eng | ||
| 010 | _a 93005116 | ||
| 020 | _a0314025235 (hard : alk. paper) | ||
| 040 |
_aDLC _cDLC _dDLC |
||
| 041 | _aeng | ||
| 043 | _an-us--- | ||
| 080 | _a349.73 DUN | ||
| 082 | 0 | 0 |
_a349.73 DUN _a347.3 _220 |
| 100 | 2 | _a14 | |
| 101 | _aJUR | ||
| 245 | 1 | 0 |
_aIntroduction to law / _cBeth Walston-Dunham. |
| 906 |
_a7 _bcbc _corignew _d1 _eocip _f19 _gy-gencatlg |
||
| 942 |
_2ddc _cBK |
||
| 999 |
_c41689 _d41689 |
||